Kabale University Library Catalogue

Mathematics for elementary teachers / (Record no. 5948)

MARC details
000 -LEADER
fixed length control field 00615cam a2200193 i 4500
005 - DATE AND TIME OF LATEST TRANSACTION
control field 20260202162229.0
008 - FIXED-LENGTH DATA ELEMENTS--GENERAL INFORMATION
fixed length control field 760224s1976 caua 001 0 eng
020 ## - INTERNATIONAL STANDARD BOOK NUMBER
International Standard Book Number 0534003974
040 ## - CATALOGING SOURCE
Original cataloging agency KABLIB
Transcribing agency KABLIB
Description conventions rda
082 00 - DEWEY DECIMAL CLASSIFICATION NUMBER
Classification number 510
Edition number 23
Item number KEL
100 1# - MAIN ENTRY--PERSONAL NAME
Personal name Kelly, Alice J.
9 (RLIN) 15009
245 10 - TITLE STATEMENT
Title Mathematics for elementary teachers /
Statement of responsibility, etc. Alice J. Kelly, David E. Logothetti.
260 ## - PUBLICATION, DISTRIBUTION, ETC.
Place of publication, distribution, etc. Belmont, Calif. :
Name of publisher, distributor, etc. Wadsworth Pub. Co.,
Date of publication, distribution, etc. c1976.
300 ## - PHYSICAL DESCRIPTION
Extent xvii, 519 p. :
Other physical details ill. ;
Dimensions 25 cm.
500 ## - GENERAL NOTE
General note Includes index.
650 #0 - SUBJECT ADDED ENTRY--TOPICAL TERM
Topical term or geographic name entry element Mathematics.
700 1# - ADDED ENTRY--PERSONAL NAME
Personal name Logothetti, David E.,
Relator term joint author.
9 (RLIN) 15010
942 ## - ADDED ENTRY ELEMENTS (KOHA)
Source of classification or shelving scheme Dewey Decimal Classification
Koha item type Book
Holdings
Withdrawn status Lost status Source of classification or shelving scheme Damaged status Not for loan Home library Current library Shelving location Date acquired Source of acquisition Total Checkouts Full call number Barcode Date last seen Price effective from Koha item type
    Dewey Decimal Classification     Education Library Education Library Open Access Section 02.02.2026 Donation   510 KEL 14391 02.02.2026 02.02.2026 Book

Kabale University Library | Kabale University P.O Box 317, Kabale, Uganda
Tel : +256754017033, +256774661503 E-mail : library@kab.ac.ug